Sports Quiz

Random Sports or Auto Racing Quiz
Score 0/47 Timer 10:00
0 Plays Today
Hint Answer % Correct
Mark Webber
82.4%
Mark Webber
82.4%
Sebastian Vettel
81.4%
Sebastian Vettel
81.4%
Have done a Shoey on the F1 podiumMax Verstappen
73.9%
Max Verstappen
73.9%
Daniil Kvyat
69.1%
Carlos Sainz
60.5%
Alan Jones
57.6%
Australian who won an F1 RaceJack Brabham
54.2%
Sebastien Buemi
51.1%
Sebastien Bourdais
49.5%
Vitantonio Liuzzi
48.2%
Toro Rosso DriversVitantonio Liuzzi
48.2%
Scott Speed
46.4%
Jean-Eric Vergne
45.5%
Debuted with HRTBruno Senna
45%
Nico Rosberg
44.3%
Jaime Alguersuari
43.5%
Jaime Alguersuari
43.5%
Robert Kubica
42.9%
Martin Brundle
38.3%
David Coulthard
38%
Karun Chandhok
36.4%
Hint Answer % Correct
Romain Grosjean
34.5%
Lance Stroll
33%
Esteban Ocon
32.5%
Timo Glock
26.5%
Kamui Kobayashi
26.5%
Alexander Rossi
24.3%
Patrick Stewart
23.6%
Sakon Yamamoto
22.8%
Robert Doornbos
22.7%
Will Stevens
21.7%
Andre Lotterer
21.4%
Markus Winkelhock
21%
Anthony Davidson
19.9%
Stoffel Vandoorne
19.9%
Alex Yoong
19.7%
Zsolt Baumgartner
18.6%
Tomas Enge
18.4%
Debuted Mid-Season (since 2000)Luciano Burti
18.3%
Kazuki Nakajima
17.3%
Franck Montagny
15.5%
Nicolas Kiesa
15.2%
Christian Horner
14.9%
Gerard Butler
8.3%
Remove Ads.
Support Sporcle.
Get the best of Sporcle when you Go Orange. This ad-free experience offers more features, more stats, and more fun while also helping to support Sporcle. Thank you for becoming a member.

You're not logged in!

Compare scores with friends on all Sporcle quizzes.
OR
Log In

Sporcle TV

Today on Sporcle TV


Watch our educational content, quiz creation guides, and fun videos on Sporcle TV.

Show Comments

Extras

Top Quizzes Today


Score Distribution

Paid Content

Your Account Isn't Verified!

In order to create a playlist on Sporcle, you need to verify the email address you used during registration. Go to your Sporcle Settings to finish the process.

Report this User

Report this user for behavior that violates our Community Guidelines.

Details: